000 00745nam a2200229 i 4500
001 108266
003 ES-MaACL
005 20230906184619.0
007 t|
008 061121s1951 sp r ||||1| spa d
100 1 _aMontemar, A.
_982450
245 1 4 _aLos abonos
_b: ( cómo se fertilizan los campos y se utilizan los residuos agrícolas) /
_cA. Montemar.
250 _a2.ª ed.
260 _aMadrid :
_bEdiciones Ibéricas,
_c[1951?]
300 _a72 p. ;
_c19 cm.
490 1 _aPequeña enciclopedia práctica ;
_v90
650 4 _aFertilizantes.
_9136105
650 4 _aResiduos (Fertilizante)
_9161232
830 0 _aPequeña enciclopedia práctica ;
_v90
_9182473
852 _aES-MaACL
_jD-7940
_bR.32133
999 _c108266
_d108266